Express & Echo

Detalles Bibliográficos
Formato: Desconocido
Lenguaje:inglés
Publicado: United Kingdon : Northcliffe Newspapers Group Limited
Materias:
Acceso en línea:Acceso restringido

MARC

LEADER 00000ny a22000003n 4500
005 2011051301271.0
008 071017c19uu9999us mr pss 0 a0eng d
035 |a 4347 
040 |a BUS  |d vLex 
090 |c 1834  |d 1834 
245 3 0 |a Express & Echo  |h [Recurso electrn̤ico] 
246 3 3 |a Express & Echo (Exeter, UK) 
246 3 3 |a Express and Echo 
256 |a Servicio en ln̕ea 
260 |a United Kingdon :  |b Northcliffe Newspapers Group Limited 
310 |a Mensual 
506 1 |a Contenido solo disponible en los productos indicados  |d vLex Global  |d vLex Global (Academic Edition, excluding Law Schools)  |d vLex Global (U.S. Academic Edition, excluding Law Schools) 
650 0 4 |a Prensa  |z Reino Unido  |x Publicaciones perid̤icas 
740 0 |a vLex Revista (Servicios en ln̕ea) 
843 |a Electrn̤ica. Abierta 
853 |8 1  |i (year)  |j (month)  |k (day) 
856 4 0 |z Acceso restringido  |u http://vlex.com/account/login_ip?fuente_id=4347  
942 |c REV